Νέες τεχνολογίες στο στάδιο της αρχαιολογικής ανασκαφής : η διαδικασία δημιουργίας ενός ψηφιακού αρχαιολογικού ημερολογίου ανασκαφής : μεταπτυχιακή διατριβή

Αποθηκεύτηκε σε:
Λεπτομέρειες βιβλιογραφικής εγγραφής
Κύριος συγγραφέας: Βαρυτιμιάδης, Σάββας
Συγγραφή απο Οργανισμό/Αρχή: Πανεπιστήμιο Αιγαίου. Σχολή Κοινωνικών Επιστημών. Τμήμα Πολιτισμικής Τεχνολογίας και Επικοινωνίας. Πρόγραμμα Μεταπτυχιακών Σπουδών Πολιτισμική Πληροφορική και Επικοινωνία
Άλλοι συγγραφείς: Οικονόμου, Δάφνη (Εισηγητής διατριβής)
Μορφή: Thesis Βιβλίο
Γλώσσα:Greek
Δημοσίευση: Μυτιλήνη : Πανεπιστήμιο Αιγαίου, Σχολή Κοινωνικών Επιστημών, Τμήμα Πολιτισμικής Τεχνολογίας και Επικοινωνίας, 2005
Θέματα:
Ετικέτες: Προσθήκη ετικέτας
Δεν υπάρχουν, Καταχωρήστε ετικέτα πρώτοι!

MARC

LEADER 00000cam a2200000 i 4500
001 1/26401
008 060317s2005 gre d
035 |l 10083149 
040 |a GR-MY-UA  |b gre  |e aacr 
041 0 |a gre 
082 0 |a 930.0285  |2 (22) 
100 1 |a Βαρυτιμιάδης, Σάββας. 
245 1 0 |a Νέες τεχνολογίες στο στάδιο της αρχαιολογικής ανασκαφής :  |b η διαδικασία δημιουργίας ενός ψηφιακού αρχαιολογικού ημερολογίου ανασκαφής : μεταπτυχιακή διατριβή /  |c Βαρυτιμιάδης Σάββας ; υπεύθυνη καθηγήτρια Οικονόμου Δάφνη 
260 |a Μυτιλήνη :   |b Πανεπιστήμιο Αιγαίου, Σχολή Κοινωνικών Επιστημών, Τμήμα Πολιτισμικής Τεχνολογίας και Επικοινωνίας,   |c 2005 
300 |a 179 σ.;  |b εικ., πιν.;  |c 30 εκ. 
500 |a Υπάρχει ψηφιακό αντίγραφο. 
500 |a Μέλη εξεταστικής επιτροπής: Οικονόμου Δάφνη, Μπούνια Αλεξάνδρα, Καβακλή Ευαγγελία 
500 |a Βιβλιογραφία: σ. 166-179 
502 # # |a Διατριβή (μεταπτυχιακή) – Πανεπιστήμιο Αιγαίου, Λέσβος, 2005. 
650 0 0 |a Excavations (Archaeology)  |x Computer simulation. 
650 0 0 |a Excavations (Archaeology)  |x Technological innovations. 
650 0 0 |a Dissertations, Academic  |z Greece. 
700 0 |a Οικονόμου, Δάφνη.  |4 ths 
710 2 |a Πανεπιστήμιο Αιγαίου.   |b Σχολή Κοινωνικών Επιστημών.   |b Τμήμα Πολιτισμικής Τεχνολογίας και Επικοινωνίας.   |b Πρόγραμμα Μεταπτυχιακών Σπουδών Πολιτισμική Πληροφορική και Επικοινωνία. 
852 |a INST  |b LESVOS  |c DIATR  |e 20060317  |h 47  |p 005100035961  |q 005100035961  |t MTXE  |y 23 
852 |a INST  |b LESVOS  |c DIATR  |e 20060317  |h 48  |p 005100035542  |q 005100035542  |t MTXE  |y 23 
901 |a BIBL1-2006-1 
909 |a Λ  |b 120805 
909 |a Λ  |b 120806 
924 |a ΒΑΡΥΤΙΜΙΑΔΗΣ  |b ΣΑΒΒΑΣ  |y ΛΕΣΒΟΣ  |z 2005-07 
970 |a ΜΑΡΙΝΑΤΟΥ  |b ΜΥΡΣΙΝΗ  |z 2006/03/17